000 00612nam a2200217Ii 4500
001 12207
003 CO-ViMGA
008 241108s9999||||xx |||||||||||||| ||und||
020 _a958700283
040 _aCO-ViMGA
_bspa
_erda
_cCO-ViMGA
041 0 _aspa
082 0 4 _a336.06 O43m
100 1 _aDiego Luis Ojeda Peñaranda
_946097
245 1 0 _aManual de hacienda pública
264 1 _aBogotá, Colombia : ABC, 2003
300 _avolumen
336 _atext
_btxt
_2rdacontent
337 _aunmediated
_bn
_2rdamedia
338 _avolume
_bnc
_2rdacarrier
940 _aidficha_siabuc: 11916. -- ficha_no_siabuc:12207
999 _c40651
_d40651